000 nam a22 7a 4500
999 _c10508
_d10508
008 180219b ||||| |||| 00| 0 eng d
100 _aGoyal
_96421
245 _aSocial Studies for Juniors-1
260 _aNew Delhi
_bGoyal
_c2011